| 000 | 00816nam a22002057a 4500 | ||
|---|---|---|---|
| 999 |
_c3522 _d3522 |
||
| 003 | AR-CdUCM | ||
| 008 | 190306b ||||| |||| 00| 0 spa d | ||
| 040 |
_aMUNICIPALIDAD PROVINCIAL DEL CUSCO _cBIBLIOTECA MUNICIPAL DEL CUSCO |
||
| 082 |
_a338.9 / _bF55 |
||
| 100 |
_aFituni, L. _911548 |
||
| 245 | _aLos países en desarrollo y política económica de Occidente/ | ||
| 260 |
_aMoscú : _bProgreso, |
||
| 300 |
_a84 páginas : _c20 cm. |
||
| 505 | _aContenido: Camino de la independencia económica -- Las nuevas formas de la ingerencia imperialista -- La industrialización, problema número uno -- El estado de la agricultura -- Cadenas del mercado común ... | ||
| 650 |
_aDesarrollo _92021 |
||
| 650 |
_aPolítica Económica _91407 |
||
| 650 |
_aEstados Unidos _91805 |
||
| 942 |
_2ddc _cLIBROS |
||
| 945 | _aachl | ||